| 000 | 00776nam a2200217 i 4500 | ||
|---|---|---|---|
| 001 | 26319 | ||
| 003 | ES-MaACL | ||
| 005 | 20250730063052.0 | ||
| 007 | t| | ||
| 008 | 030108s1958 sp ||||1| spa d | ||
| 100 | 1 |
_aArthaud, Claude, _d1927- _923458 |
|
| 245 | 1 | 4 |
_aLos Andes, techo de América / _cfotografía y textos de Claude Arthaud y François Hébert-Stevens ; [traducción de Milagros Ortega]. |
| 250 | _a[1ª ed.]. | ||
| 260 |
_aBarcelona : _bJuventud, _c[1958] |
||
| 300 |
_aXXII, 187 p., 66 lám. ; _c29 cm. |
||
| 650 | 4 |
_aIndios de los Andes- _xUsos y costumbres- _vObras ilustradas. _9165546 |
|
| 700 | 1 |
_aHébert-Stevens, François. _962265 |
|
| 700 | 1 |
_aOrtega, Milagros. _987424 |
|
| 852 |
_aES-MaACL _jC-15354 _bR.43209 |
||
| 999 |
_c26319 _d26319 |
||